| 000 | 00510nam a2200169 4500 | ||
|---|---|---|---|
| 001 | 120651 | ||
| 003 | ES-MaACL | ||
| 005 | 20230906191608.0 | ||
| 007 | t| | ||
| 008 | 070214s1983 sp r ||||1| spa d | ||
| 100 | 1 |
_aPolaino-Lorente, A. _992796 |
|
| 245 | 1 | 0 |
_aOrtega y el perspectivismo psicológico / _cA. Polaino-Lorente. |
| 260 |
_a[s.l.] : _b[s.n.], _c1983. |
||
| 300 |
_a3 h. ; _c24 cm. |
||
| 500 | _aEs tirada aparte de Psicopatología, vol. 3, año 1983. | ||
| 852 |
_aES-MaACL _j2130-F-6 _bR.105934 |
||
| 999 |
_c120651 _d120651 |
||